000 00540nam a22002177a 4500
003 UA-OsUOA
001 48262
007 ta
008 20070903b un ||||| |||| 00| 0 ukr d
090 _a82,09
_bВ55
942 _cBK
040 _aUA-OsUOA
_bukr
_cUA-OsUOA
_dUA-OsUOA
245 _aВідлуння Бабиного яру
300 _a161 с.
955 _a2
041 _aukr
080 _a82,09
260 _aК.
_bЮГ
_c2006
650 7 _a82 Література. Літературознавство
_2UDC
999 _c334361
_d334361